000 00864nam a2200241 a 4500
001 000022196
005 20200930011626.0
008 100917s1984 sp a 000 |bspa d
020 _a8434581450
040 _aDO-SdBNP
_bspa
_cBNPHU
082 _a923.5
_bL419P
100 1 _aPerceval Graves, Richard
_945918
245 1 0 _aLawrence de Arabia /
_cRichard Perceval Graves; prólogo, Manuel Diez Alegria.
260 _aBarcelona :
_bSalvat,
_c1984.
300 _a183 p. :
_bil. ;
_c20 cm.
490 1 _aBiblioteca Salvat de grandes biografías;
_v6
500 _aIncluye notas al pie de páginas
504 _aBibliografía: p. 184
600 1 4 _aLAWRENCE DE ARABIA, TMOMAS EDWARD,
_d1888-1935
_945919
700 1 2 _aDiez Alegria, Manuel
_epról.
_945920
830 0 _aBiblioteca Salvat de grandes biografías;
_n6
_945921
910 _aValidado. Control de calidad MFF
999 _c21694
_d21694